| Tag |
First Indicator |
Second Indicator |
Subfields |
| LEADER |
00000cam a2200000Ka 4500 |
| 001 |
in00002782090 |
| 006 |
m d |
| 007 |
cr cnu---unuuu |
| 008 |
120808s2012 nyu o 001 0 eng d |
| 005 |
20250816210732.3 |
| 020 |
|
|
|a 9781461432654 (electronic bk.)
|
| 020 |
|
|
|a 1461432650 (electronic bk.)
|
| 020 |
|
|
|z 9781461432647
|
| 035 |
|
|
|a (OCoLC)ocn805397230
|
| 035 |
|
|
|a (OCoLC)805397230
|
| 040 |
|
|
|a GW5XE
|c GW5XE
|d ZMC
|d E7B
|d TXA
|d UtOrBLW
|
| 049 |
|
|
|a TXAM
|
| 050 |
|
4 |
|a TP159.A85
|b M53 2012eb
|
| 082 |
0 |
4 |
|a 660/.29
|2 23
|
| 245 |
0 |
0 |
|a Microdroplet technology :
|b principles and emerging applications in biology and chemistry /
|c Philip Day, Andreas Manz, Yonghao Zhang, editors.
|
| 264 |
|
1 |
|a New York, NY :
|b Springer,
|c [2012]
|
| 264 |
|
4 |
|c ©2012
|
| 300 |
|
|
|a 1 online resource.
|
| 336 |
|
|
|a text
|b txt
|2 rdacontent
|
| 337 |
|
|
|a computer
|b c
|2 rdamedia
|
| 338 |
|
|
|a online resource
|b cr
|2 rdacarrier
|
| 490 |
1 |
|
|a Integrated analytical systems
|
| 505 |
0 |
0 |
|t Physics of Multiphase Microflows and Microdroplets /
|r Yonghao Zhang and Haihu Liu --
|t Microfluidic Droplet Manipulations and Their Applications /
|r Melinda G. Simon and Abraham P. Lee --
|t Active Control of Droplet Formation Process in Microfluidics /
|r Nam-Trung Nguyen and Say-Hwa Tan --
|t Recent Advances in Electrowetting Microdroplet Technologies /
|r Robert W. Barber and David R. Emerson --
|t Automated Droplet Microfluidic Chips for Biochemical Assays /
|r Tomasz S. Kaminski, Krzysztof Churski and Piotr Garstecki --
|t The Dropletisation of Bio-Reactions /
|r Ehsan Karimiani, Amelia Markey and Philip Day --
|t Droplet-Based Microfluidics as a Biomimetic Principle: From PCR-Based Virus Diagnostics to a General Concept for Handling of Biomolecular Information /
|r J. Michael Köhler --
|t Droplet Microreactors for Materials Synthesis /
|r Nick J. Carroll, Suk Tai Chang, Dimiter N. Petsev and Orlin D. Velev --
|t Single-Cell Analysis in Microdroplets /
|r Michele Zagnoni and Jonathan M. Cooper --
|t Trends and Perspectives /
|r Pavel Neu{breve}zil, Ying Xu and Andreas Manz.
|
| 500 |
|
|
|a Includes index.
|
| 500 |
|
|
|a Electronic resource.
|
| 650 |
|
0 |
|a Microdroplets.
|
| 650 |
|
0 |
|a Microfluidics.
|
| 653 |
|
4 |
|a Chemistry.
|
| 653 |
|
4 |
|a Analytical biochemistry.
|
| 653 |
|
4 |
|a Chemical engineering.
|
| 653 |
|
4 |
|a Electronics.
|
| 653 |
|
4 |
|a Industrial Chemistry/Chemical Engineering.
|
| 653 |
|
4 |
|a Electronics and Microelectronics, Instrumentation.
|
| 653 |
|
4 |
|a Analytical Chemistry.
|
| 655 |
|
4 |
|a Electronic books.
|
| 700 |
1 |
|
|a Day, Philip.
|
| 700 |
1 |
|
|a Manz, A.
|q (Andreas)
|
| 700 |
1 |
|
|a Zhang, Yonghao.
|
| 830 |
|
0 |
|a Integrated analytical systems.
|
| 856 |
4 |
0 |
|u https://ebookcentral.proquest.com/lib/tamucs/detail.action?docID=994317
|y Connect to the full text of this electronic book
|t 0
|
| 948 |
|
|
|a cataloged
|b h
|c 2012/10/2
|d c
|e agaffey
|f @:25:38 pm
|
| 994 |
|
|
|a C0
|b TXA
|
| 999 |
f |
f |
|s 39a07185-ba35-337c-b66a-f0d5a47b337d
|i 65f226d4-ebb3-3e04-8284-38d1fb728d94
|t 0
|
| 999 |
|
|
|a MARS
|
| 952 |
f |
f |
|a Texas A&M University
|b College Station
|c Electronic Resources
|d Available Online
|t 0
|e TP159.A85 M53 2012eb
|h Library of Congress classification
|
| 998 |
f |
f |
|a TP159.A85 M53 2012eb
|t 0
|l Available Online
|